ბათუმის შოთა რუსთაველის სახელმწიფო უნივერსიტეტის ბიბლიოთეკა

Высшая математика для экономистов. (ბიბ.ჩანაწერი № 36951)

000 -LEADER
fixed length control field 00946nam a2200289Ia 4500
001 - CONTROL NUMBER
control field 2902
003 - CONTROL NUMBER IDENTIFIER
control field GE_BSU
008 - FIXED-LENGTH DATA ELEMENTS--GENERAL INFORMATION
fixed length control field 181216s||||||||xx |||||||||||||| ||und||
020 ## - INTERNATIONAL STANDARD BOOK NUMBER
International Standard Book Number 5851730692
040 ## - CATALOGING SOURCE
Transcribing agency GE_BSU
080 ## - UNIVERSAL DECIMAL CLASSIFICATION NUMBER
Universal Decimal Classification number 517(075.8)+330.1
100 ## - MAIN ENTRY--PERSONAL NAME
Personal name Н.Ш. Кремер, И.М Тришин, М.Н Фридман;Н
245 ## - TITLE STATEMENT
Title Высшая математика для экономистов.
245 ## - TITLE STATEMENT
Remainder of title Учебное пособие для вузов
245 ## - TITLE STATEMENT
Statement of responsibility, etc. Под. ред. проф Н.Ш. Кремера
260 ## - PUBLICATION, DISTRIBUTION, ETC.
Place of publication, distribution, etc. Москва
260 ## - PUBLICATION, DISTRIBUTION, ETC.
Name of publisher, distributor, etc. Банки и Биржи,Юнити
260 ## - PUBLICATION, DISTRIBUTION, ETC.
Date of publication, distribution, etc. 1997
300 ## - PHYSICAL DESCRIPTION
Extent 439 с. 20 см.
653 ## - INDEX TERM--UNCONTROLLED
Uncontrolled term Высшая математика для экономистов.
653 ## - INDEX TERM--UNCONTROLLED
Uncontrolled term Математика
653 ## - INDEX TERM--UNCONTROLLED
Uncontrolled term Экономика
653 ## - INDEX TERM--UNCONTROLLED
Uncontrolled term ეკონომიკა
653 ## - INDEX TERM--UNCONTROLLED
Uncontrolled term მათემატიკა
942 ## - ADDED ENTRY ELEMENTS (KOHA)
Koha item type წიგნი
ეგზემპლარები
Withdrawn status Lost status Damaged status Not for loan Date acquired Barcode Date last seen Price effective from Koha item type Public note
        2018-12-17 7829 2018-12-17 2018-12-17 წიგნი დარბაზი
        2018-12-17 7830 2018-12-17 2018-12-17 წიგნი დარბაზი
        2018-12-17 8114 2018-12-17 2018-12-17 წიგნი დარბაზი
        2018-12-17 8115 2018-12-17 2018-12-17 წიგნი დარბაზი
        2018-12-17 8116 2018-12-17 2018-12-17 წიგნი დარბაზი